[Event "Accelerated Dragon Assault! #2"]
[Site "SchemingMind.com"]
[Date "2008.05.07"]
[Round "-"]
[White "Jose Luis Fonseca Gonzalez"]
[Black "e_castle3"]
[Result "1-0"]
[WhiteCountry "NCA"]
[BlackCountry "PHI"]
[WhiteElo "2259"]
[WhiteRD "89"]
[BlackElo "1745"]
[BlackRD "66"]
[GameID "153786"]

1. e4 c5 2. Nf3 Nc6 3. d4 cxd4 4. Nxd4 g6 5. c4 Bg7 6. Nb5 a6 7. N5c3 Nf6 8. Be3 O-O 9. Be2 d6 10. O-O Qc7
11. Nd2 Bd7 12. Rc1 Rac8 13. f4 Qb8 14. c5 dxc5 15. e5 Ne8 16. Nde4 Qc7 17. Nxc5 Rd8 18. Nd5 Qb8 19. Nxe7+ Nxe7 20. Nxd7 Rxd7
21. Qxd7 Nf5 22. Bf2 b6 23. Rc8
1-0

[Event "Accelerated Dragon Assault! #2"]
[Site "SchemingMind.com"]
[Date "2008.05.08"]
[Round "-"]
[White "Jose Luis Fonseca Gonzalez"]
[Black "Brendan Joseph Birt"]
[Result "1-0"]
[WhiteCountry "NCA"]
[BlackCountry "USA"]
[WhiteElo "2259"]
[WhiteRD "89"]
[BlackElo "1883"]
[BlackRD "75"]
[GameID "153787"]

1. e4 c5 2. Nf3 Nc6 3. d4 cxd4 4. Nxd4 g6 5. c4 Nf6 6. Nc3 d6 7. Be2 Nxd4 8. Qxd4 Bg7 9. Be3 O-O 10. Qd2 Be6
11. Rc1 Qa5 12. f3 Rfc8 13. b3 a6 14. Na4 Qxd2+ 15. Kxd2 Nd7 16. g4 f5 17. exf5 gxf5 18. h3 Rc6 19. Nc3 Rf8 20. Nd5 Kf7
21. Nf4 fxg4 22. hxg4 h6 23. Nxe6 Kxe6 24. Bxh6 Bxh6+ 25. Rxh6+ Rf6 26. Rch1 Rc8 27. f4 Nc5 28. g5 Rxh6 29. Rxh6+ Kf7 30. Rh7+ Ke8
31. Bf3 Rc7 32. g6 Kf8 33. Bd5
1-0

[Event "Accelerated Dragon Assault! #2"]
[Site "SchemingMind.com"]
[Date "2008.05.06"]
[Round "-"]
[White "Jose Luis Fonseca Gonzalez"]
[Black "Negrito19"]
[Result "1-0"]
[WhiteCountry "NCA"]
[BlackCountry "ARG"]
[WhiteElo "2259"]
[WhiteRD "89"]
[BlackElo "1656"]
[BlackRD "69"]
[GameID "153788"]

1. e4 c5 2. Nf3 Nc6 3. d4 cxd4 4. Nxd4 g6 5. c4 Bg7 6. Be3 e6 7. Nc3 Nge7 8. Rc1 O-O 9. Be2 d5 10. cxd5 exd5
11. Nxc6 bxc6 12. Bc5 Re8 13. O-O d4 14. Na4 Bb7 15. Bc4 Be5 16. Qb3 Qc7 17. Bxf7+ Kh8 18. Bxe8 Rxe8 19. Qf7 Qd7 20. Rfd1 d3
21. Rxd3 Qxd3 22. Qxe8+ Kg7 23. Qxe7+ Kh6 24. Qxe5 Qd8 25. Be7 Qd2 26. Bf8#
1-0

[Event "Accelerated Dragon Assault! #2"]
[Site "SchemingMind.com"]
[Date "2008.05.06"]
[Round "-"]
[White "Jose Luis Fonseca Gonzalez"]
[Black "Rhel"]
[Result "1-0"]
[WhiteCountry "NCA"]
[BlackCountry "GBR"]
[WhiteElo "2272"]
[WhiteRD "95"]
[BlackElo "2213"]
[BlackRD "94"]
[GameID "153790"]

1. e4 c5 2. Nf3 Nc6 3. d4 cxd4 4. Nxd4 g6 5. c4 Nf6 6. Nc3 Bg7 7. Be3 O-O 8. Be2 d6 9. O-O Bd7 10. Qd2 Nxd4
11. Bxd4 Bc6 12. f3 Nd7 13. Bxg7 Kxg7 14. Kh1 Qa5 15. a3 Nf6 16. b4 Qb6 17. Rac1 a6 18. Qd3 Rfc8 19. f4 Rd8 20. Bf3 e6
21. f5 Rac8 22. fxe6 fxe6 23. Be2 Qc7 24. a4 Qe7 25. b5 axb5 26. cxb5 Be8 27. a5 Rc5 28. Qd4 Rdc8 29. a6 bxa6 30. bxa6 e5
31. Qe3 Bf7 32. Kg1 h6 33. h3 Be6 34. Nb5 Ra8 35. Rxc5 dxc5 36. Qg3 Bc8 37. Rxf6 Qxf6 38. Nc7 Bxa6 39. Bxa6 Rxa6 40. Ne8+
1-0

[Event "Accelerated Dragon Assault! #2"]
[Site "SchemingMind.com"]
[Date "2008.05.07"]
[Round "-"]
[White "Jose Luis Fonseca Gonzalez"]
[Black "Schaakmaatje"]
[Result "1-0"]
[WhiteCountry "NCA"]
[BlackCountry "NED"]
[WhiteElo "2215"]
[WhiteRD "95"]
[BlackElo "1768"]
[BlackRD "47"]
[GameID "153791"]

1. e4 c5 2. Nf3 Nc6 3. d4 cxd4 4. Nxd4 g6 5. c4 Bg7 6. Nb3 d6 7. Be2 Nf6 8. Nc3 a6 9. O-O O-O 10. Be3 Ne5
11. c5 Be6 12. cxd6 exd6 13. f4 Nc4 14. Bd4 Nxb2 15. Qc1 Nc4 16. f5
1-0

[Event "Accelerated Dragon Assault! #2"]
[Site "SchemingMind.com"]
[Date "2008.05.06"]
[Round "-"]
[White "Jose Luis Fonseca Gonzalez"]
[Black "TRFz"]
[Result "1/2-1/2"]
[WhiteCountry "NCA"]
[BlackCountry "GBR"]
[WhiteElo "2272"]
[WhiteRD "95"]
[BlackElo "2226"]
[BlackRD "68"]
[GameID "153792"]

1. e4 c5 2. Nf3 Nc6 3. d4 cxd4 4. Nxd4 g6 5. c4 Nf6 6. Nc3 d6 7. Be2 Nxd4 8. Qxd4 Bg7 9. Be3 O-O 10. Qd3 Be6
11. O-O Qa5 12. Bd4 Rfc8 13. b3 a6 14. f4 b5 15. cxb5 axb5 16. Nxb5 Qb4 17. Qe3 Rc2 18. a3 Qd2 19. Bf3 Qxe3+ 20. Bxe3 Ng4
21. Bd4 Bd7 22. Bxg7 Bxb5 23. Rfe1 Kxg7 24. Bxg4 Rb2 25. Re3 Bc6= 26. Be2 Bb7 27. a4 Ra5 28. Rc1 d5 29. exd5 Bxd5 30. Rcc3 h5
31. Kf2 Kf6 32. h4 Ra7 33. Kg3 e6 34. Bf3 Rb7 35. Bxd5 exd5 36. a5 d4=
1/2-1/2

[Event "Accelerated Dragon Assault! #2"]
[Site "SchemingMind.com"]
[Date "2008.05.10"]
[Round "-"]
[White "Jose Luis Fonseca Gonzalez"]
[Black "dcon"]
[Result "1/2-1/2"]
[WhiteCountry "NCA"]
[BlackCountry "RSA"]
[WhiteElo "2252"]
[WhiteRD "91"]
[BlackElo "2305"]
[BlackRD "63"]
[GameID "153793"]

1. e4 c5 2. Nf3 Nc6 3. d4 cxd4 4. Nxd4 g6 5. c4 Bg7 6. Be3 Nf6 7. Nc3 d6 8. Be2 Bd7 9. O-O Nxd4 10. Bxd4 Bc6
11. f3 O-O 12. b4 Nh5 13. g3 a5 14. b5 Bd7 15. Qd2 b6 16. Nd5 Rb8 17. Rad1 Bh3 18. Rf2 Be6 19. Rc1 Bxd4 20. Qxd4 Qd7
21. f4 Ng7 22. Rff1 Rfe8 23. Rfd1 Qa7 24. Rc3 Rec8 25. g4 Bxd5 26. cxd5 Rxc3= 27. Qxc3 Qd7 28. Rc1 e6 29. Qc6 Qd8 30. Qc7 Qxc7
31. Rxc7 exd5 32. exd5 Ne8 33. Rc6 Kf8 34. g5 Ke7 35. Rc3 f5=
1/2-1/2

[Event "Accelerated Dragon Assault! #2"]
[Site "SchemingMind.com"]
[Date "2008.05.07"]
[Round "-"]
[White "Jose Luis Fonseca Gonzalez"]
[Black "allostery"]
[Result "1-0"]
[WhiteCountry "NCA"]
[BlackCountry "CAN"]
[WhiteElo "2250"]
[WhiteRD "88"]
[BlackElo "1660"]
[BlackRD "98"]
[GameID "153794"]

1. e4 c5 2. Nf3 Nc6 3. d4 cxd4 4. Nxd4 g6 5. c4 Bg7 6. Nc2 Nf6 7. Nc3 d6 8. Be2 O-O 9. O-O a6 10. Re1 Nd7
11. Be3 Qa5 12. Nd4 Nb6 13. Nb3 Qe5 14. Bxb6 a5 15. Be3 Bd7 16. f4 Qe6 17. Nd5 Bxb2 18. Rb1 Bg7 19. Nc7 Qxe4 20. Bd3 Bg4
21. Qd2 Qxd3 22. Qxd3 Bf5 23. Qd2 Bxb1 24. Nxa8 Rxa8 25. Rxb1 a4 26. Nd4 Na5 27. Qb4
1-0

[Event "Accelerated Dragon Assault! #2"]
[Site "SchemingMind.com"]
[Date "2008.05.07"]
[Round "-"]
[White "e_castle3"]
[Black "Jose Luis Fonseca Gonzalez"]
[Result "0-1"]
[WhiteCountry "PHI"]
[BlackCountry "NCA"]
[WhiteElo "1774"]
[WhiteRD "72"]
[BlackElo "2250"]
[BlackRD "88"]
[GameID "153795"]

1. e4 c5 2. Nf3 Nc6 3. d4 cxd4 4. Nxd4 g6 5. Nc3 Bg7 6. Be3 Nf6 7. Be2 O-O 8. O-O d5 9. Nxc6 bxc6 10. exd5 Nxd5
11. Nxd5 cxd5 12. c3 e5 13. Qc2 Qe7 14. Rfe1 Rb8 15. Rad1 Bf5 16. Qc1 Rfd8 17. b4 d4 18. Bg5 f6 19. Bd2 d3 20. Bf1 a5
21. a3 h5 22. c4 axb4 23. axb4 Rxb4 24. Bxb4 Qxb4 25. Qd2 Bf8 26. Qxb4 Bxb4 27. Re3 d2 28. Be2 Bc2 29. Kf1 Kf7 30. Bf3 Rd4
31. g3 e4 32. Be2 f5 33. c5 Ke6 34. f3 Kd5 35. fxe4+ fxe4 36. Kf2 Kc6 37. g4 Bxc5 38. Kg3 Rc4 39. Bxc4 Bxd1 40. Rxe4 Bc2
0-1

[Event "Accelerated Dragon Assault! #2"]
[Site "SchemingMind.com"]
[Date "2008.05.08"]
[Round "-"]
[White "Brendan Joseph Birt"]
[Black "Jose Luis Fonseca Gonzalez"]
[Result "0-1"]
[WhiteCountry "USA"]
[BlackCountry "NCA"]
[WhiteElo "1883"]
[WhiteRD "75"]
[BlackElo "2259"]
[BlackRD "89"]
[GameID "153796"]

1. e4 c5 2. Nf3 Nc6 3. d4 cxd4 4. Nxd4 g6 5. c4 Bg7 6. Be3 Nf6 7. Nc3 O-O 8. Be2 b6 9. O-O Bb7 10. f3 Rc8
11. Qd2 Re8 12. Rac1 Nxd4 13. Bxd4 d6 14. Nd5 Qd7 15. Nxf6+ Bxf6 16. Bxf6 exf6 17. Qf4 Qe7 18. Rfd1 f5 19. Rxd6 fxe4 20. Rcd1 exf3
21. Bxf3 Bxf3 22. Qxf3 Rxc4 23. Rd7 Qc5+ 24. Kh1 Re7 25. Rd8+ Kg7 26. Qa8 Rc1 27. h3 Re1+ 28. Rxe1 Rxe1+ 29. Kh2 Qc7+ 30. g3 Re2+
0-1

[Event "Accelerated Dragon Assault! #2"]
[Site "SchemingMind.com"]
[Date "2008.05.07"]
[Round "-"]
[White "Negrito19"]
[Black "Jose Luis Fonseca Gonzalez"]
[Result "0-1"]
[WhiteCountry "ARG"]
[BlackCountry "NCA"]
[WhiteElo "1656"]
[WhiteRD "69"]
[BlackElo "2259"]
[BlackRD "89"]
[GameID "153797"]

1. e4 c5 2. Nf3 Nc6 3. d4 cxd4 4. Nxd4 g6 5. c4 Bg7 6. Be3 Nf6 7. Nc3 O-O 8. Qd2 Ng4 9. Nxc6 bxc6 10. h3 Nxe3
11. Qxe3 Rb8 12. b3 d5 13. cxd5 cxd5 14. exd5 e6 15. Rd1 Qa5 16. Rc1 exd5 17. Qg3 Bf5 18. Be2 d4 19. O-O dxc3 20. Bc4 c2
21. Bxf7+ Kxf7 22. a4 Bb2 23. Qe3 Bxc1 24. Rxc1 Rbe8 25. Qf3 Re1+ 26. Rxe1 Qxe1+ 27. Kh2 c1=Q 28. Qb7+ Kf6 29. Qa6+ Be6 30. Qxa7 Qg1+
31. Kg3 Qg5+ 32. Kf3 Qd1+ 33. Ke4 Bd5#
0-1

[Event "Accelerated Dragon Assault! #2"]
[Site "SchemingMind.com"]
[Date "2008.05.07"]
[Round "-"]
[White "Rhel"]
[Black "Jose Luis Fonseca Gonzalez"]
[Result "1/2-1/2"]
[WhiteCountry "GBR"]
[BlackCountry "NCA"]
[WhiteElo "2218"]
[WhiteRD "86"]
[BlackElo "2258"]
[BlackRD "88"]
[GameID "153799"]

1. e4 c5 2. Nf3 Nc6 3. d4 cxd4 4. Nxd4 g6 5. Nc3 Bg7 6. Be3 Nf6 7. Be2 O-O 8. O-O d5 9. exd5 Nxd5 10. Nxd5 Nxd4
11. Bxd4 Qxd5 12. Bxg7 Qxd1 13. Rfxd1 Kxg7 14. Bf3 Bf5 15. c4 Rac8 16. Rac1 e5 17. Re1 Kf6 18. b3 b6 19. Rc3 Be6 20. Rce3 Rc5
21. Rd1=
1/2-1/2

[Event "Accelerated Dragon Assault! #2"]
[Site "SchemingMind.com"]
[Date "2008.05.08"]
[Round "-"]
[White "Schaakmaatje"]
[Black "Jose Luis Fonseca Gonzalez"]
[Result "0-1"]
[WhiteCountry "NED"]
[BlackCountry "NCA"]
[WhiteElo "1802"]
[WhiteRD "48"]
[BlackElo "2259"]
[BlackRD "89"]
[GameID "153800"]

1. e4 c5 2. Nf3 Nc6 3. d4 cxd4 4. Nxd4 g6 5. c4 Bg7 6. Nb3 d6 7. Be2 a5 8. Nc3 a4 9. Nd2 a3 10. O-O axb2
11. Bxb2 Nf6 12. Nd5 O-O 13. Nxf6+ Bxf6 14. Qc2 Nd4 15. Bxd4 Bxd4 16. Rab1 Qc7 17. Nb3 Be5 18. f4 Bf6 19. Kh1 Bd7 20. c5 b6
21. e5 dxe5 22. fxe5 Bxe5 23. h3 bxc5 24. Qxc5 Rxa2
0-1

[Event "Accelerated Dragon Assault! #2"]
[Site "SchemingMind.com"]
[Date "2008.05.07"]
[Round "-"]
[White "TRFz"]
[Black "Jose Luis Fonseca Gonzalez"]
[Result "1/2-1/2"]
[WhiteCountry "GBR"]
[BlackCountry "NCA"]
[WhiteElo "2185"]
[WhiteRD "58"]
[BlackElo "2258"]
[BlackRD "88"]
[GameID "153801"]

1. e4 c5 2. Nf3 Nc6 3. d4 cxd4 4. Nxd4 g6 5. c4 Bg7 6. Be3 Nf6 7. Nc3 O-O 8. Be2 b6 9. O-O Bb7 10. f3 Nh5
11. Qd2 Nxd4 12. Bxd4 Bxd4+ 13. Qxd4 Nf4 14. Rfd1 d6 15. Bf1 Qc7 16. Rac1 Ne6 17. Qf2 Rad8 18. Nd5 Qd7 19. Qh4=
1/2-1/2

[Event "Accelerated Dragon Assault! #2"]
[Site "SchemingMind.com"]
[Date "2008.05.11"]
[Round "-"]
[White "dcon"]
[Black "Jose Luis Fonseca Gonzalez"]
[Result "1/2-1/2"]
[WhiteCountry "RSA"]
[BlackCountry "NCA"]
[WhiteElo "2288"]
[WhiteRD "58"]
[BlackElo "2250"]
[BlackRD "88"]
[GameID "153802"]

1. e4 c5 2. Nf3 Nc6 3. d4 cxd4 4. Nxd4 g6 5. c4 Nf6 6. Nc3 Nxd4 7. Qxd4 d6 8. Bg5 Bg7 9. Qd2 O-O 10. Be2 a5
11. O-O a4 12. Rad1 Be6 13. Qe3 Qc7 14. b3 Qc5 15. Qxc5 dxc5 16. Bxf6 Bxf6 17. Nxa4 Bd4 18. Rd2 Ra6 19. Rfd1 Rfa8 20. h3 Kg7
21. e5 Ra5 22. Bf3 R8a7 23. Bg4 Bxc4 24. Nb6=
1/2-1/2

[Event "Accelerated Dragon Assault! #2"]
[Site "SchemingMind.com"]
[Date "2008.05.06"]
[Round "-"]
[White "allostery"]
[Black "Jose Luis Fonseca Gonzalez"]
[Result "0-1"]
[WhiteCountry "CAN"]
[BlackCountry "NCA"]
[WhiteElo "1660"]
[WhiteRD "98"]
[BlackElo "2250"]
[BlackRD "88"]
[GameID "153803"]

1. e4 c5 2. Nf3 Nc6 3. d4 cxd4 4. Nxd4 g6 5. c4 Nf6 6. Nc3 Nxd4 7. Qxd4 d6 8. Be2 Bg7 9. Bg5 O-O 10. O-O h6
11. Bxf6 Bxf6 12. Qe3 Qb6 13. Nd5 Qxb2 14. Nxf6+ Qxf6 15. Qxh6 Be6 16. Rac1 Rfc8 17. h3 Rc5 18. Qd2 Rac8 19. f4 Bxc4 20. e5 dxe5
21. fxe5 Qxe5 22. Rce1 Qd5 23. Qb2 Bxe2 24. Rxe2 e5 25. Rfe1 Qd4+
0-1